Vplyv odpadových vôd na vývoj rezistencie voči antibiotikám
Gespeichert in:
| 1. Verfasser: | |
|---|---|
| Weitere Verfasser: | |
| Format: | Manuskript Buch |
| Sprache: | Slowakisch |
| Veröffentlicht: |
2016
|
| Schlagworte: | |
| Online-Zugang: | http://is.stuba.sk/zp/portal_zp.pl?podrobnosti=104377 |
| Tags: |
Keine Tags, Fügen Sie das erste Tag hinzu!
|
MARC
| LEADER | 00000ntm a22000003a 4500 | ||
|---|---|---|---|
| 001 | stuzp53080 | ||
| 003 | SK-STU | ||
| 005 | 20160719154355.8 | ||
| 007 | ta | ||
| 008 | 150427s2015----xo-----f-mn---000-0-slo-d | ||
| 040 | |a STU |b slo | ||
| 041 | 0 | |a slo | |
| 100 | 1 | |a Holik, Branislav |u 043360 |k Z4 |4 aut |U FCHPT Ústav biochémie a mikrobiológie |T FCHPT Oddelenie výživy a hodnotenia potravín |X 58249 |U C3360 |Y 114 |7 58249 | |
| 242 | 0 | 1 | |a Effect of Watewaters on the Development of Antibiotic Resistance |y eng |
| 245 | 1 | 0 | |a Vplyv odpadových vôd na vývoj rezistencie voči antibiotikám |
| 260 | |c 2016 | ||
| 650 | 4 | |a ciprofloxacín |2 slo | |
| 650 | 4 | |a rezistencia |2 slo | |
| 650 | 4 | |a kotinín |2 slo | |
| 650 | 4 | |a tramadol |2 slo | |
| 650 | 4 | |a karbamazepín |2 slo | |
| 650 | 4 | |a Salmonella Typhimurium |2 slo | |
| 650 | 4 | |a ciprofloxacin |2 eng | |
| 650 | 4 | |a Salmonella enterica |2 eng | |
| 650 | 4 | |a resistance |2 eng | |
| 650 | 4 | |a cotinine |2 eng | |
| 650 | 4 | |a tramadol |2 eng | |
| 650 | 4 | |a carbamazepine |2 eng | |
| 700 | 1 | |a Bírošová, Lucia |u 040270 |k Z1 |4 ths |U FCHPT Ústav potravinárstva a výživy |T FCHPT Oddelenie výživy a hodnotenia kvality potravín |X 10260 |U C0270 |Y 686 |7 A000010260 | |
| 856 | 4 | |u http://is.stuba.sk/zp/portal_zp.pl?podrobnosti=104377 | |
| SQL | |a stuzp53080 |b DBP |c SLO |d Vplyv odpadových vôd na vývoj rezistencie voči antibiotikám |e 58249 |f Holik, Branislav |g 043360 |h 10260 |i Bírošová, Lucia |j 20160712 |k 752 |l 04 |m http://is.stuba.sk/zp/portal_zp.pl?podrobnosti=104377 |n B-BIOPOT |o 5.2.25. biotechnológie | ||